LIBRARY & INFORMATION CENTRE, KCAET, TAVANUR

ONLINE PUBLIC ACCESS CATALOGUE (OPAC)

Spon`s practical builder`s handbook / (Record no. 7026)

MARC details
000 -LEADER
fixed length control field 00387cam a2200157ua 4500
003 - CONTROL NUMBER IDENTIFIER
control field OSt
008 - FIXED-LENGTH DATA ELEMENTS--GENERAL INFORMATION
fixed length control field 240321b |||||||| |||| 00| 0 eng d
041 ## - LANGUAGE CODE
Language code of text/sound track or separate title eng
082 ## - DEWEY DECIMAL CLASSIFICATION NUMBER
Classification number 690.03
Item number FRY/PR
100 ## - MAIN ENTRY--AUTHOR NAME
Personal name Fryer, A.W.D .
245 00 - TITLE STATEMENT
Title Spon`s practical builder`s handbook /
250 ## - EDITION STATEMENT
Edition statement 9 /
260 ## - PUBLICATION, DISTRIBUTION, ETC. (IMPRINT)
Place of publication London :
Name of publisher E & F N Spon Limited ,
Year of publication 1954.
300 ## - PHYSICAL DESCRIPTION
Number of Pages 590 p.
942 ## - ADDED ENTRY ELEMENTS (KOHA)
Koha item type Books
Holdings
Withdrawn status Lost status Damaged status Collection code Home library Current library Shelving location Date acquired Full call number Accession Number Koha item type
      Non-fiction KAUAET KAUAET General Stacks 07/04/2012 690.03.FRY/PR 3523 Books
free website counter